[Event "Lonigo CIS 54th Serie B Girone 6"]
[Site "Lonigo"]
[Date "2023.05.20"]
[Round "3.4"]
[White "Casonato, Stefano"]
[Black "Thurner, Markus"]
[Result "0-1"]
[WhiteElo "1888"]
[BlackElo "2038"]
[PlyCount "92"]
[EventDate "2023.05.19"]
[EventType "team-tourn"]
[EventRounds "5"]
[EventCountry "ITA"]
[SourceTitle "EXT 2024"]
[Source "ChessBase"]
[SourceDate "2023.10.10"]
[SourceVersion "1"]
[SourceVersionDate "2023.10.10"]
[SourceQuality "1"]
[WhiteTeam "Venezia Canal Unigas"]
[BlackTeam "Marostica Pizzato Elettrica"]
[WhiteTeamCountry "ITA"]
[BlackTeamCountry "ITA"]

1. d4 e6 2. c4 f5 3. Nc3 Nf6 4. Bg5 Bb4 5. Qc2 b6 6. Nf3 Bb7 7. a3 Bxc3+ 8. Qxc3 0-0 9. g3 d6 10. Bg2 Nbd7 11. 0-0 Qe8 12. Bxf6 Nxf6 13. b4 Qh5 14. Nd2 Bxg2 15. Kxg2 Rae8 16. Rae1 e5 17. dxe5 dxe5 18. e4 f4 19. h3 Qg6 20. Nf3 fxg3 21. Nh4 Qg5 22. fxg3 Nh5 23. Kh2 Rd8 24. Rxf8+ Rxf8 25. Nf5 g6 26. h4 Qd8 27. Nh6+ Kg7 28. Ng4 Qd4 29. Qxd4 exd4 30. Kg2 d3 31. Rd1 Rd8 32. Ne5 Nf6 33. Kf3 d2 34. Ke3 Re8 35. Nc6 Nxe4 36. Kf3 a6 37. Nd4 Kf6 38. Nb3 Ke5 39. Nxd2 Rd8 40. Ke3 Rxd2 41. Rxd2 Nxd2 42. Kxd2 Kd4 43. c5 bxc5 44. bxc5 Kxc5 45. g4 Kc4 46. h5 gxh5 0-1

[Event "Kaltern op 5th"]
[Site "Kaltern"]
[Date "2022.10.22"]
[Round "3"]
[White "Kezic, Andreas"]
[Black "Thurner, Markus"]
[Result "0-1"]
[WhiteElo "1922"]
[BlackElo "2026"]
[PlyCount "78"]
[EventDate "2022.10.21"]
[EventType "swiss"]
[EventRounds "5"]
[EventCountry "ITA"]
[SourceTitle "EXT 2024"]
[Source "ChessBase"]
[SourceDate "2023.10.10"]
[SourceVersion "1"]
[SourceVersionDate "2023.10.10"]
[SourceQuality "1"]

1. e4 e6 2. d4 d5 3. Nc3 Nf6 4. Bg5 Be7 5. e5 Nfd7 6. Bxe7 Qxe7 7. f4 a6 8. Nf3 c5 9. dxc5 Qxc5 10. Qd4 Nc6 11. Qxc5 Nxc5 12. 0-0-0 Bd7 13. g3 Rc8 14. a3 Na7 15. Nd4 Ke7 16. Bh3 Na4 17. Nxa4 Bxa4 18. Rd2 Nc6 19. Nxc6+ Rxc6 20. Bf1 Bb3 21. Kb1 Bc4 22. Rd4 Rhc8 23. c3 f6 24. exf6+ gxf6 25. Bxc4 Rxc4 26. Rhd1 Rxd4 27. Rxd4 Kd6 28. Rb4 b5 29. Kc2 Rc4 30. Kd3 e5 31. fxe5+ fxe5 32. b3 e4+ 33. Kd2 Rc7 34. a4 Kc5 35. axb5 axb5 36. Rd4 Rf7 37. b4+ Kd6 38. Kc2 Rf2+ 39. Rd2 e3 0-1

[Event "Kaltern Trophy-A 2nd"]
[Site "Kaltern"]
[Date "2017.10.27"]
[Round "1"]
[White "Thurner, Markus"]
[Black "Tirelli, Mauro"]
[Result "0-1"]
[WhiteElo "2009"]
[BlackElo "2182"]
[PlyCount "132"]
[EventDate "2017.10.27"]
[EventType "swiss"]
[EventRounds "5"]
[EventCountry "ITA"]
[SourceTitle "CBM 181 Extra"]
[Source "ChessBase"]
[SourceDate "2017.12.12"]
[SourceVersion "1"]
[SourceVersionDate "2017.12.12"]
[SourceQuality "1"]

1. e4 e6 2. d4 d5 3. exd5 exd5 4. Bd3 Nf6 5. Bg5 Be7 6. Nf3 0-0 7. 0-0 Bg4 8. h3 Be6 9. Nbd2 Nbd7 10. c3 c5 11. Bf4 Qb6 12. Qb1 h6 13. Re1 Rfe8 14. a4 Bd6 15. a5 Qc7 16. Bxd6 Qxd6 17. Ne5 cxd4 18. cxd4 Qb4 19. Ndf3 a6 20. Qa2 Nxe5 21. Rxe5 Ne4 22. Qa3 Qxa3 23. Rxa3 f6 24. Rxe4 dxe4 25. Bxe4 Re7 26. Nh4 Rd8 27. Ng6 Rc7 28. d5 Bf7 29. Rd3 Rd6 30. Nh4 Rc5 31. Nf5 Rd7 32. b4 Rc4 33. f3 Kf8 34. d6 Rxb4 35. Ne3 Rb3 36. Rxb3 Bxb3 37. Nf5 Be6 38. Ne3 Rxd6 39. Bxb7 Ke7 40. Nc2 Bxh3 41. Nb4 Rd1+ 42. Kh2 Rb1 43. Nd5+ Kd6 44. Nb6 Be6 45. Bxa6 Ra1 46. Nc4+ Bxc4 47. Bxc4 Rxa5 48. Bf7 Ke5 49. Kg3 Ra4 50. Bg6 Rb4 51. Bh7 h5 52. Bg6 h4+ 53. Kh3 f5 54. Be8 g5 55. Bd7 Rd4 56. Bc6 Kf4 57. Bb7 Rd1 58. Kh2 g4 59. fxg4 fxg4 60. g3+ hxg3+ 61. Kg2 Rd2+ 62. Kg1 Kg5 63. Bc6 Kh4 64. Bb7 Kh3 65. Ba6 g2 66. Be2 Rd8 0-1

[Event "Ortisei Server24 op-B 2nd"]
[Site "Ortisei"]
[Date "2013.06.08"]
[Round "8"]
[White "Thurner, Markus"]
[Black "Gurschler, Thomas"]
[Result "1/2-1/2"]
[WhiteElo "1972"]
[BlackElo "1778"]
[PlyCount "71"]
[EventDate "2013.06.01"]
[EventType "swiss"]
[EventRounds "9"]
[EventCountry "ITA"]
[SourceTitle "EXT 2024"]
[Source "ChessBase"]
[SourceDate "2023.10.10"]
[SourceVersion "1"]
[SourceVersionDate "2023.10.10"]
[SourceQuality "1"]

1. f4 g6 2. Nf3 Bg7 3. e3 d5 4. Be2 Nf6 5. 0-0 0-0 6. d3 c5 7. Qe1 Nc6 8. Bd1 b6 9. Qh4 e6 10. Nbd2 Nh5 11. Qf2 Nf6 12. e4 dxe4 13. Nxe4 Nxe4 14. dxe4 e5 15. c3 Qc7 16. Bb3 Ba6 17. Rd1 c4 18. Bc2 Rad8 19. Rxd8 Rxd8 20. Qh4 Qd6 21. fxe5 Nxe5 22. Bf4 Nxf3+ 23. gxf3 Bf6 24. Bxd6 Bxh4 25. Rd1 Bb7 26. Kg2 Bf6 27. Kg3 Bg7 28. Bf4 Rxd1 29. Bxd1 Kf8 30. Ba4 a6 31. Bd6+ Kg8 32. Bd7 Bh6 33. e5 Bd5 34. Bc8 Bc1 35. Ba3 a5 36. h4 1/2-1/2

[Event "Ortisei Server24 op-B 2nd"]
[Site "Ortisei"]
[Date "2013.06.07"]
[Round "7"]
[White "Benazzo, Angelo"]
[Black "Thurner, Markus"]
[Result "0-1"]
[WhiteElo "1767"]
[BlackElo "1972"]
[PlyCount "108"]
[EventDate "2013.06.01"]
[EventType "swiss"]
[EventRounds "9"]
[EventCountry "ITA"]
[SourceTitle "EXT 2024"]
[Source "ChessBase"]
[SourceDate "2023.10.10"]
[SourceVersion "1"]
[SourceVersionDate "2023.10.10"]
[SourceQuality "1"]

1. Nf3 f5 2. g3 Nf6 3. Bg2 d6 4. d4 e6 5. c4 Be7 6. b3 0-0 7. 0-0 Qe8 8. Nc3 Nbd7 9. Qc2 Qg6 10. Nh4 Qh5 11. h3 g5 12. Nxf5 exf5 13. Qxf5 h6 14. g4 Qf7 15. Nd5 Nb6 16. Nxe7+ Qxe7 17. Qg6+ Qg7 18. Qd3 Qh7 19. Qxh7+ Nxh7 20. f4 c6 21. e4 Bd7 22. Ba3 Nc8 23. f5 Re8 24. Rfe1 a5 25. e5 dxe5 26. dxe5 Nb6 27. e6 Bc8 28. Rad1 a4 29. Bc5 Ra6 30. Bd4 axb3 31. axb3 Na8 32. Re3 Ra2 33. Red3 Nc7 34. Bc3 Nxe6 35. fxe6 Bxe6 36. Be4 Nf8 37. Rd6 Bxg4 38. hxg4 Rxe4 39. Rxh6 Rxg4+ 40. Kf1 Rf4+ 41. Kg1 Rg4+ 42. Kf1 Rg3 43. Rh8+ Kf7 44. Bb4 Rf3+ 45. Kg1 Ne6 46. Bd6 Nf4 47. Bxf4 gxf4 48. Rh7+ Kg6 49. Rxb7 Rg3+ 50. Kf1 Rh3 51. Kg1 f3 52. Rd6+ Kf5 53. Rf7+ Ke5 54. Rdf6 Rg2+ 0-1

[Event "Arco op 31st"]
[Site "Arco"]
[Date "2009.10.24"]
[Round "9"]
[White "Casagrande, Fabio"]
[Black "Thurner, Markus"]
[Result "1-0"]
[WhiteElo "1995"]
[BlackElo "1728"]
[PlyCount "43"]
[EventDate "2009.10.17"]
[EventType "swiss"]
[EventRounds "9"]
[EventCountry "ITA"]
[SourceTitle "EXT 2010"]
[Source "ChessBase"]
[SourceDate "2010.11.25"]
[SourceVersion "1"]
[SourceVersionDate "2010.11.25"]
[SourceQuality "1"]

1. e4 c5 2. c3 e5 3. Nf3 d6 4. Bc4 Qc7 5. Ng5 Nh6 6. 0-0 Be7 7. d3 0-0 8. f4 exf4 9. Bxf4 Bxg5 10. Bxg5 Ng4 11. Bd5 Nc6 12. Na3 h6 13. Bf4 a6 14. Nc4 Nce5 15. Nxd6 Qxd6 16. d4 cxd4 17. cxd4 Qe7 18. dxe5 Nxe5 19. Qd4 Nc6 20. Bd6 Qd8 21. Qc5 Qg5 22. Bxf8 1-0

[Event "Arco op 31st"]
[Site "Arco"]
[Date "2009.10.19"]
[Round "3"]
[White "Lazzaroni, Fabio"]
[Black "Thurner, Markus"]
[Result "1/2-1/2"]
[WhiteElo "1867"]
[BlackElo "1728"]
[PlyCount "64"]
[EventDate "2009.10.17"]
[EventType "swiss"]
[EventRounds "9"]
[EventCountry "ITA"]
[SourceTitle "EXT 2010"]
[Source "ChessBase"]
[SourceDate "2010.11.25"]
[SourceVersion "1"]
[SourceVersionDate "2010.11.25"]
[SourceQuality "1"]

1. e4 e5 2. Nf3 Nc6 3. Bc4 Bc5 4. c3 Nf6 5. d4 Bd6 6. 0-0 0-0 7. Bg5 h6 8. Bh4 g5 9. Bg3 Nxe4 10. Bxe5 Ne7 11. Qe2 Bxe5 12. dxe5 d5 13. exd6 Nxd6 14. Bb3 Ng6 15. Nd4 Re8 16. Qh5 Kg7 17. Nd2 c5 18. Nc2 Nf4 19. Qd1 b5 20. Ne3 Bb7 21. Nf3 c4 22. Bc2 Qf6 23. Qxd6 Ne2+ 24. Kh1 Re6 25. Nf5+ Qxf5 26. Bxf5 Rxd6 27. Rfe1 Bxf3 28. gxf3 Rd2 29. Rab1 Rad8 30. Kg2 Kf6 31. Be4 R8d6 32. Kf1 Nf4 1/2-1/2

[Event "Arco op 31st"]
[Site "Arco"]
[Date "2009.10.18"]
[Round "2"]
[White "Thurner, Markus"]
[Black "Hasberger, Walter"]
[Result "1/2-1/2"]
[WhiteElo "1728"]
[BlackElo "1894"]
[PlyCount "48"]
[EventDate "2009.10.17"]
[EventType "swiss"]
[EventRounds "9"]
[EventCountry "ITA"]
[SourceTitle "EXT 2010"]
[Source "ChessBase"]
[SourceDate "2010.11.25"]
[SourceVersion "1"]
[SourceVersionDate "2010.11.25"]
[SourceQuality "1"]

1. f4 f5 2. e4 d6 3. Bc4 Nf6 4. e5 dxe5 5. fxe5 Nd5 6. Nf3 e6 7. d4 Be7 8. Bxd5 Qxd5 9. 0-0 c6 10. Nc3 Qd8 11. Ne2 b6 12. Nf4 Na6 13. c3 Nc7 14. Nd2 0-0 15. Nh3 c5 16. Nf3 cxd4 17. cxd4 Bb7 18. Nfg5 Bxg5 19. Nxg5 Qd5 20. Rf2 Rad8 21. Qh5 h6 22. Nf3 Kh7 23. Ng5+ Kg8 24. Nf3 Kh7 1/2-1/2